Ekologicky čalúnený nábytok

Salvato in:
Dettagli Bibliografici
Autore principale: Podhorská, Natália (Autore)
Altri autori: Morávková, Katarína (Relatore della tesi)
Natura: Manoscritto Libro
Lingua:slovacco
Pubblicazione: 2024
Soggetti:
Accesso online:http://is.stuba.sk/zp/portal_zp.pl?podrobnosti=162188
Tags: Aggiungi Tag
Nessun Tag, puoi essere il primo ad aggiungerne!!

MARC

LEADER 00000ntm a22000003a 4500
001 stuzp98955
003 SK-STU
005 20240615211314.2
007 ta
008 150427s2015----xo-----f-mn---000-0-slo-d
040 |a STU  |b slo 
041 0 |a slo 
100 1 |a Podhorská, Natália  |u 055150  |4 aut  |U FAD Fakulta architektúry a dizajnu  |T FAD Ústav interiéru a výstavníctva  |X 110421  |U A5150  |Y 396  |7 110421 
242 0 1 |a Ecologically upholstered furniture  |y eng 
245 1 0 |a Ekologicky čalúnený nábytok 
260 |c 2024 
650 4 |a krátkodobé sedenie  |2 slo 
650 4 |a ekologický čalúnený nábytok  |2 slo 
650 4 |a medzigeneračné interakcie  |2 slo 
650 4 |a lavička  |2 slo 
650 4 |a intergenerational interactions  |2 eng 
650 4 |a bench  |2 eng 
650 4 |a ecologically upholstered furniture  |2 eng 
650 4 |a short-term seating  |2 eng 
700 1 |a Morávková, Katarína  |u 055150  |k Z8  |4 ths  |U FAD Fakulta architektúry a dizajnu  |T FAD Ústav interiéru a výstavníctva  |X 422  |U A5150  |Y 396  |7 A000000422 
856 4 |u http://is.stuba.sk/zp/portal_zp.pl?podrobnosti=162188